| 000 | 00481nam a22001697a 4500 | ||
|---|---|---|---|
| 003 | OSt | ||
| 005 | 20211117101146.0 | ||
| 008 | 211117b |||||||| |||| 00| 0 eng d | ||
| 020 | _a9789039349083 | ||
| 040 | _cH U | ||
| 082 | _a367.73 | ||
| 100 |
_aJONKER GEERT _918833 |
||
| 245 | _aEFFICIENT AND EQUITABLE EXCHANGE IN AIR TRAFFIC MANAGEMENT PLAN REPAIRUSING SPENDER SIGNDER SIGNED CURRENCY | ||
| 260 |
_aS I K S _bGEERT JONKER _c2008 |
||
| 300 | _a237 | ||
| 942 |
_2ddc _cBOOKS _n0 |
||
| 999 |
_c18642 _d18642 |
||